Where next in the evolution of the UK residential sector? (Record no. 77018)
[ view plain ]
| 000 -LEADER | |
|---|---|
| fixed length control field | 00738cab a2200181 4500 |
| 001 - CONTROL NUMBER | |
| control field | ##L133460 |
| 008 - FIXED-LENGTH DATA ELEMENTS--GENERAL INFORMATION | |
| fixed length control field | 060511n2006 000 0 eng u |
| 035 ## - SYSTEM CONTROL NUMBER | |
| System control number | (Sirsi) u133460 |
| 041 0# - LANGUAGE CODE | |
| Language code of text/sound track or separate title | eng |
| 100 1# - MAIN ENTRY--PERSONAL NAME | |
| Personal name | Donnell, Richard |
| 245 00 - TITLE STATEMENT | |
| Title | Where next in the evolution of the UK residential sector? |
| 260 ## - PUBLICATION, DISTRIBUTION, ETC. | |
| Date of publication, distribution, etc. | 2006 |
| 490 #0 - SERIES STATEMENT | |
| Series statement | Property Forecast |
| Volume/sequential designation | 9(4) April 2006, 2-3(2) |
| 520 ## - SUMMARY, ETC. | |
| Summary, etc. | Looks at the likely drivers of change in residential investment over the next decade towards increasing emphasis on more cashflow-based investments. Reviews the history of the residential investment market. Graphs. |
| 590 ## - LOCAL NOTE (RLIN) | |
| Local note | IKA230506 NTK |
| 690 ## - LOCAL SUBJECT ADDED ENTRY--TOPICAL TERM (OCLC, RLIN) | |
| Topical term or geographic name as entry element | PROPERTY-RESIDENTIAL PROPERTY-RESIDENTIAL PROPERTY FINANCE AND INVESTMENT |
| 942 ## - ADDED ENTRY ELEMENTS (KOHA) | |
| Suppress in OPAC | 0 |
| Withdrawn status | Lost status | Source of classification or shelving scheme | Damaged status | Not for loan | Home library | Current library | Shelving location | Date acquired | Total Checkouts | Full call number | Barcode | Date last seen | Copy number | Price effective from | Koha item type |
|---|---|---|---|---|---|---|---|---|---|---|---|---|---|---|---|
| Dewey Decimal Classification | London | London | Journal article | 11/05/2006 | L133460 | 133460-1001 | 06/08/2019 | 1 | 06/08/2019 | Journal article |